| 000 | 00488nmm a22001697a 4500 | ||
|---|---|---|---|
| 005 | 20160216091859.0 | ||
| 008 | 150727b xxu||||| |||| 00| 0 spa d | ||
| 041 | _aEspañol | ||
| 082 |
_aMD _b30 |
||
| 100 |
_aGuardado Vargas, Ashdriel _94333 |
||
| 245 | _aInforme de Práctica Supervisada realizado en el Hospital Dr. Rafael Ángel Calderón Guardia | ||
| 260 | _c2012 | ||
| 650 |
_aCOSTA RICA _92 |
||
| 650 |
_aMECANICA DENTAL _94334 |
||
| 650 |
_aPROTESIS TOTAL _93685 |
||
| 942 | _cIP | ||
| 999 |
_c6615 _d6615 |
||